|
|
|
|
| LEADER |
00000nam a2200000Ia 4500 |
| 008 |
170718b2001 cr ||||| |||| 00| | spa d |
| 999 |
|
|
|c 800
|d 800
|
| 020 |
|
|
|a 996831174X
|
| 090 |
|
|
|a 06.01.01
|b 1969
|
| 100 |
1 |
|
|a Marín Arias, María Gabriela
|9 3003
|
| 245 |
1 |
0 |
|a Técnicas y estrategias para el manejo de comportamiento en el grupo escolar /
|c María Gabriela Marín Arias
|
| 250 |
|
|
|a Reimpresión 2009
|
| 260 |
|
|
|a San José, Costa Rica :
|b EUNED,
|c 2001
|
| 300 |
|
|
|a 132 páginas
|
| 650 |
1 |
4 |
|a PSICOLOGÍA DE LA EDUCACIÓN
|9 625
|
| 650 |
1 |
4 |
|a DISCIPLINA ESCOLAR
|9 709
|
| 650 |
1 |
4 |
|a COMPORTAMIENTO ESTUDIANTIL
|9 3004
|
| 942 |
|
|
|i 002294
|h 06.01.01 1969
|2 z
|c 01
|